| 000 | 01105nam a22002657a 4500 | ||
|---|---|---|---|
| 005 | 20080905121451.0 | ||
| 008 | 110608t xxu||||| |||| 00| 0 hin d | ||
| 010 | _aHIN-92906 | ||
| 020 |
_c200.00 _a819029718x |
||
| 035 | _aHN-65252 | ||
| 037 | _bDBAD / PUB | ||
| 040 |
_aDPL _bHN |
||
| 082 | _a910 | ||
| 100 |
_928442 _aपुरोहित, प्रदीप |
||
| 245 |
_aजनजाति पारिस्थितिकी भूगोल / _cप्रदीप पुरोहित |
||
| 260 |
_aजयपुर _bसाहित्य निकेतन _c2010 |
||
| 270 |
_a51, गोलीमार लैण्ड, सहकार भवन के पीछे, भवानीसिंह रोड _bजयपुर |
||
| 300 |
_a160पृ _c22सेमी (सजिल्द) |
||
| 650 | _928443 | ||
| 650 | _928455 | ||
| 700 | _928521 | ||
| 700 | _928536 | ||
| 942 |
_adpl _cHN _2ddc _mपुरोहि _h910 |
||
| 999 |
_c52867 _d52867 |
||